000 00483pab a2200169 454500
008 180718b2005 xxu||||| |||| 00| 0 eng d
100 _aWalker, David M.
245 _aEthics and integrity in government: putting the needs of our nation first
260 _c2005
300 _ap.10-14.
362 _aSummer
650 _aPublic administration - United States
650 _aEthics - United States
650 _aPublic administration
773 _aPublic Manager
909 _a67683
999 _c67683
_d67683